El Evangelio en triunfo, o historia de un filósofo desengañado
Enregistré dans:
| Format: | Livre |
|---|---|
| Langue: | espagnol |
| Publié: |
Madrid
Imprenta Joseph Doblado
1799
|
| Édition: | 5a. ed |
| Sujets: | |
| Tags: |
Ajouter un tag
Pas de tags, Soyez le premier à ajouter un tag!
|
MARC
| LEADER | 00000cam a2200000 a 4500 | ||
|---|---|---|---|
| 001 | UCD1784 | ||
| 003 | CL-VaPUC | ||
| 008 | 160331e17990000sp |||||||||||||||||spa|d | ||
| 082 | 0 | 4 | |a 239 |b EVA |2 21 |
| 245 | 1 | 3 | |a El Evangelio en triunfo, o historia de un filósofo desengañado |
| 250 | |a 5a. ed | ||
| 300 | |a t | ||
| 942 | |c BK | ||
| 945 | |d 20160331 23:10:00 |a dcastane | ||
| 260 | |a Madrid |b Imprenta Joseph Doblado |c 1799 | ||
| 650 | 0 | |a Apologética |9 269349 | |
| 583 | |a last modification |c 20160331 23:10:00 |k Rodrigo Vera | ||
| 999 | |c 363023 |d 363021 | ||
| 952 | |0 0 |1 0 |3 erd |4 0 |6 239_000000000000000_EVA_1799 |7 0 |8 X |9 474736 |a BIBTEO |b BIBTEO |c TEO_FFR |h t.1 |i 5278775 |l 2 |o 239 EVA 1799 |p 5278775 |r 2025-04-01 |s 2025-04-01 |w 2019-11-24 |y BK_X |z Catalogado en:20160331 |k ICR | ||
| 952 | |0 0 |1 0 |3 erd |4 0 |6 239_000000000000000_EVA_1799 |7 0 |8 X |9 474737 |a BIBTEO |b BIBTEO |c TEO_FFR |h t.3 |i 5278783 |o 239 EVA 1799 |p 5278783 |r 2024-01-18 |w 2019-11-24 |y BK_X |z Catalogado en:20160331 |k ICR | ||
| 952 | |0 0 |1 0 |3 erd |4 0 |6 239_000000000000000_EVA_1799 |7 0 |8 X |9 474738 |a BIBTEO |b BIBTEO |c TEO_FFR |h t.5 |i 5278791 |o 239 EVA 1799 |p 5278791 |r 2024-01-18 |w 2019-11-24 |y BK_X |z Catalogado en:20160331 |k ICR | ||